000 00724cam a22002533a 4500
001 14962
003 PGUSA
005 20140828083323.0
008 050207s2005||||xxu|||||s|||||000 1 eng d
040 _aPGUSA
_beng
042 _adc
050 4 _aPT
100 1 _aGjellerup, Karl,
_d1857-1919
245 1 0 _aDer Pilger Kamanita :
_bEin Legendenroman
_h[electronic resource] /
_cKarl Gjellerup
260 _bProject Gutenberg,
_c2005
506 _aPublic domain in the USA.
516 _aElectronic text
653 _aBuddhists -- Fiction
653 _aReligious fiction
653 _aGautama Buddha -- Fiction
830 0 _aProject Gutenberg
_v14962
856 4 0 _uhttp://www.gutenberg.org/ebooks/14962
942 _cEB
999 _c244217
_d244217